Účetnictví rozpočtových organizací

Na minha lista:
Detalhes bibliográficos
Autor principal: Nováková, Štěpánka
Autor Corporativo: Vysoká škola ekonomická v Praze. Národohospodářská fakulta
Formato: Livro
Idioma:tcheco
Publicado em: Praha Státní nakladatelství technické literatury 1988
Edição:2. přeprac. vyd.
Tags: Adicionar Tag
Sem tags, seja o primeiro a adicionar uma tag!

MARC

LEADER 00000nam a2200000 4500
001 c036615
005 20221219085856.8
041 0 |a cze 
044 |a CZ 
245 1 0 |a Účetnictví rozpočtových organizací  |c Štěpánka Nováková 
250 |a 2. přeprac. vyd. 
264 1 |a Praha  |b Státní nakladatelství technické literatury  |c 1988 
300 |a 158 s. 
100 1 |a Nováková, Štěpánka 
710 2 |a Vysoká škola ekonomická v Praze. Národohospodářská fakulta